East Asia by the year 2000 and beyond (Record no. 1113235)

MARC details
000 -LEADER
fixed length control field 01140nam a2200313Ia 4500
003 - CONTROL NUMBER IDENTIFIER
control field OSt
005 - DATE AND TIME OF LATEST TRANSACTION
control field 20221006160412.0
008 - FIXED-LENGTH DATA ELEMENTS--GENERAL INFORMATION
fixed length control field 221006b |||||||| |||| 00| 0 eng d
020 ## - INTERNATIONAL STANDARD BOOK NUMBER
International Standard Book Number 9780700710065
037 ## - SOURCE OF ACQUISITION
Terms of availability Textual
040 ## - CATALOGING SOURCE
Original cataloging agency EASL
Transcribing agency EASL
Language of cataloging eng
041 ## - LANGUAGE CODE
Source of code eng
Language code of text/sound track or separate title eng
100 ## - MAIN ENTRY--PERSONAL NAME
Personal name Pape Wolfgang Ed.
9 (RLIN) 673312
245 #0 - TITLE STATEMENT
Title East Asia by the year 2000 and beyond
Remainder of title Shaping factors - A study for the European Commission
260 ## - PUBLICATION, DISTRIBUTION, ETC.
Place of publication, distribution, etc. London
Name of publisher, distributor, etc. Routledge
Date of publication, distribution, etc. 1998
300 ## - PHYSICAL DESCRIPTION
Extent 284p.
Dimensions cm.
490 ## - SERIES STATEMENT
Volume/sequential designation Oth
Series statement English-language series of the Institute of Asian Affairs, Hamburg No. 1
650 ## - SUBJECT ADDED ENTRY--TOPICAL TERM
Topical term or geographic name entry element ASEAN - Politics and economic development
9 (RLIN) 673313
650 ## - SUBJECT ADDED ENTRY--TOPICAL TERM
Topical term or geographic name entry element China - Great power
9 (RLIN) 673314
650 ## - SUBJECT ADDED ENTRY--TOPICAL TERM
Topical term or geographic name entry element Korea - Interrujpted Unification - Globalisation
9 (RLIN) 673315
650 ## - SUBJECT ADDED ENTRY--TOPICAL TERM
Topical term or geographic name entry element Regional Heterogeneity - Impact of
9 (RLIN) 673316
650 ## - SUBJECT ADDED ENTRY--TOPICAL TERM
Topical term or geographic name entry element Political Reforms - Japan
9 (RLIN) 673317
942 ## - ADDED ENTRY ELEMENTS (KOHA)
Classification part V49B.N9, N8
Koha item type Textual
Source of classification or shelving scheme Colon Classification (CC)
Holdings
Withdrawn status Lost status Source of classification or shelving scheme Damaged status Not for loan Home library Current library Date acquired Source of acquisition Cost, normal purchase price Serial Enumeration / chronology Total Checkouts Full call number Barcode Date last seen Cost, replacement price Price effective from Koha item type
    Colon Classification (CC)     Department of East Asian Studies Library Department of East Asian Studies Library 2022-10-06 Gift, Japan Foundation 750.00 Oth   V49B.N9 N8 EA1397900 2022-10-06 750.00 2022-10-06 Textual
Copyright @ Delhi University Library System